000 00671nam a2200241Ia 4500
005 20260121112600.0
008 7146 260114s9999 xx 000 0 eng d
020 _a9789812818584
037 _aEBOOK
040 _aCRL
_beng
_cCRL
041 _aeng
_2eng
084 _qCRL
100 _aCroy George H
_9959915
245 0 _aEnergy Trail, the — Where It Is Leading: Do You Know Enough to Care?
260 _bWorld Scientific
260 _bWSPC
260 _c2008
650 _aEnvironmental Science
_9959916
856 _uhttps://www.worldscientific.com/worldscibooks/10.1142/6885#t=toc
942 _cEBOOK
999 _c1544446
_d1544446